K niektorým daňovým a nedaňovým výdavkom samostatne zárobkovo činnej osoby (aj v pozícii zamestnávateľa)
Spôsoby uplatňovania výdavkov a okruh účtovných jednotiek. Vymedzenie pojmov daňový výdavok a nedaňový výdavok, využívanie majetku aj na súkromné účely, zamestanecké benefity. Daňový aspekt povinnosti zamestnávateľa zabezpečiť stravovanie zamestnanca. Ustanovenia týkajúce sa špecificky len daňovníko...
Guardado en:
| Autor principal: | |
|---|---|
| Formato: | Capítulo de libro |
| Lenguaje: | eslovaco |
| Materias: | |
| Etiquetas: |
Sin Etiquetas, Sea el primero en etiquetar este registro!
|
MARC
| LEADER | 00000naa a2200000 4500 | ||
|---|---|---|---|
| 001 | 0278610 | ||
| 005 | 20210921103537.5 | ||
| 041 | 0 | |a slo | |
| 044 | |a SK | ||
| 245 | 1 | 0 | |a K niektorým daňovým a nedaňovým výdavkom samostatne zárobkovo činnej osoby (aj v pozícii zamestnávateľa) |c Valéria Jarinkovičová |
| 520 | |a Spôsoby uplatňovania výdavkov a okruh účtovných jednotiek. Vymedzenie pojmov daňový výdavok a nedaňový výdavok, využívanie majetku aj na súkromné účely, zamestanecké benefity. Daňový aspekt povinnosti zamestnávateľa zabezpečiť stravovanie zamestnanca. Ustanovenia týkajúce sa špecificky len daňovníkov dane z príjmov fyzickej osoby. | ||
| 610 | 2 | 0 | |a dane z príjmov |
| 610 | 2 | 0 | |a výdavky daňové |
| 610 | 2 | 0 | |a osoby samostatne zárobkovo činné |
| 610 | 2 | 0 | |a príjmy |
| 610 | 2 | 0 | |a podnikanie |
| 610 | 2 | 0 | |a zamestnávatelia |
| 610 | 2 | 0 | |a zamestnanci |
| 100 | 1 | |a Jarinkovičová, Valéria | |